000 00511nam a2200169 i 4500
001 96169
003 ES-MaACL
005 20230906181846.0
008 050613s1931 sp |||| | spa d
100 1 _aMaestre Ibáñez, Modesto.
_975398
245 1 0 _aTreinta lecciones de análisis clínicos /
_cModesto Maestre Ibáñez.
250 _a4ª ed.
260 _aMadrid :
_bJ. Sánchez de Ocaña,
_c1931.
300 _aXXIV, 466 p. ;
_c20 cm.
650 0 4 _aAnálisis clínicos.
_99761
852 _aES-MaACL
_jE-1119
999 _c96169
_d96169